Árie a scény z oper a oratorií

Hlavní autor: Dvořák, Antonín, 1841-1904
Korporativní autor: Kühnův smíšený sbor
Další autoři: Tvrzský, Jaroslav, 1938-, Vele, Luděk, 1951-, Kopp, Miroslav, 1955-, Košler, Zdeněk, 1928-1995, Kühn, Pavel, 1938-2003, Randová, Eva, 1936-, Česká filharmonie
Jazyk: Latina
Čeština
Vydáno: Praha : Panton, p1993
Témata:
Fyzický popis: 1 CD : stereo, DDD ; 12 cm + 1 brožura [8 s.].
Zvukové nahrávky
Uloženo v:
LEADER 02228njm a2200553 a 4500
001 000266697
003 CZ BrMZK
005 20150410112700.0
008 950101s1993 xr f cze d
028 0 3 |a 81 1241-2931  |b Panton 
040 |a BOA001  |b cze 
041 1 |a cze  |a lat 
080 |a 783.3(086.7)  |2 MRF 
080 |a 784.087.612.3(086.7)  |2 MRF 
080 |a 782.1(086.7)  |2 MRF 
100 1 |a Dvořák, Antonín,  |d 1841-1904  |7 jn19981000826  |4 cmp 
245 1 0 |a Árie a scény z oper a oratorií  |h [zvukový záznam] /  |c Antonín Dvořák. 
246 3 3 |a Stabat Mater 
246 3 3 |a Svatá Ludmila 
246 3 3 |a Vanda Op.25 
246 3 3 |a Čert a Káča, op. 112 
246 3 3 |a Ave Maria op.19 b 
246 3 3 |a Ave Maris stella Op.19 b 
246 3 3 |a Hymnus ad laudes in S.S. Trinitatis 
246 3 3 |a Jakobín Op.84 
246 3 3 |a Rusalka, op. 114 
260 |a Praha :  |b Panton,  |c p1993 
300 |a 1 CD :  |b stereo, DDD ;  |c 12 cm +  |e 1 brožura [8 s.]. 
306 |a 005718 
500 |a Durata 57:18 
500 |a Text v brož. vícejaz. 
500 |a Nahr. 1989 
505 2 |a Ave Maria op.19 b, Ave Maris stella Op.19 b, Hymnus ad laudes in S.S. Trinitatis ... [et al.] 
511 0 |a Eva Randová, mezzosoprán; Jaroslav Tvrzský, varhany; Luděk Vele, bas ... [et al.]. Kühnův smíšený sbor, sbm. Pavel Kühn; Česká filharmonie, dir. Zdeněk Košler 
653 0 |a Ave Maria  |a hymny  |a mezzosoprán  |a operní sborové scény  |a operní árie  |a oratorní árie  |a zpěv 
700 1 |a Tvrzský, Jaroslav,  |d 1938-  |7 jn20000402425  |4 prf 
700 1 |a Vele, Luděk,  |d 1951-  |7 jn99240001256  |4 prf 
700 1 |a Kopp, Miroslav,  |d 1955-  |7 jn19990009889  |4 prf 
700 1 |a Košler, Zdeněk,  |d 1928-1995  |7 jn19990209394  |4 cnd 
700 1 |a Kühn, Pavel,  |d 1938-2003  |7 jn19990009906  |4 cnd 
700 1 |a Randová, Eva,  |d 1936-  |7 jn99240000946  |4 prf 
710 2 |a Kühnův smíšený sbor  |7 ko2003164871  |4 prf 
710 2 |a Česká filharmonie  |7 kn20010710169  |4 prf 
910 |a BOA001  |b CD-0001.803 
964 |a Opery  |x árie  |x CD 
964 |a Oratoria  |x árie  |x CD 
964 |a Zpěv(mezzosoprán) a orchestr  |x CD 
990 |a AV 
996 6 |b 261H001836  |c CD-0001.803  |l MZK  |r Sklad / do 24 hodin  |n 0  |w 000266697  |u 000010  |a 1  |e BOA001  |j MZK50  |s P